BIBLIOTECA

SENCICO

Curso de redacción : teoría y práctica de la COMPOSICIÓN y del ESTILO. Del pensamiento a la palabra (Registro nro. 1453)

Detalles MARC
000 -LEADER
fixed length control field 00599nam a2200229Ia 4500
005 - DATE AND TIME OF LATEST TRANSACTION
control field 20251020182512.0
008 - FIXED-LENGTH DATA ELEMENTS--GENERAL INFORMATION
fixed length control field 200515s9999 xx 000 0 und d
020 ## - INTERNATIONAL STANDARD BOOK NUMBER
International Standard Book Number 84-283-0382-7
082 ## - DEWEY DECIMAL CLASSIFICATION NUMBER
Classification number 651.74/.76/M26/1990
100 ## - MAIN ENTRY--PERSONAL NAME
Personal name Martin Vivaldi, Gonzalo
245 #0 - TITLE STATEMENT
Title Curso de redacción : teoría y práctica de la COMPOSICIÓN y del ESTILO. Del pensamiento a la palabra
250 ## - EDITION STATEMENT
Edition statement 21.ed.
260 ## - PUBLICATION, DISTRIBUTION, ETC.
Place of publication, distribution, etc. Madrid
260 ## - PUBLICATION, DISTRIBUTION, ETC.
Name of publisher, distributor, etc. PARANINFO S.A.
260 ## - PUBLICATION, DISTRIBUTION, ETC.
Date of publication, distribution, etc. 1990
300 ## - PHYSICAL DESCRIPTION
Extent 494 p.
500 ## - GENERAL NOTE
General note 2 ejemplares
650 ## - SUBJECT ADDED ENTRY--TOPICAL TERM
Topical term or geographic name entry element REDACCION
942 ## - ADDED ENTRY ELEMENTS (KOHA)
Koha item type Libros
Existencias
Fecha de la última vez que lo usaron Pago total Signatura topográfica completa Código de barras Precio efectivo desde Tipo de documento Estado perdido Estado dañado No es para préstamo Retirado Ubicación permanente Ubicación actual Fecha de adquisición Número de ejemplar
15/05/2020   651.74/.76/M26/1990 Bib-Lima15051453 15/05/2020 Libros         Biblioteca Central Lima Biblioteca Central Lima 15/05/2020  
15/05/2020   651.74/.76/M26/1990 Bib-Lima16051453 15/05/2020 Libros         Biblioteca Central Lima Biblioteca Central Lima 15/05/2020 Ej.2